Una mirada en el tiempo al paisaje del Alto Sumapaz: (Registro nro. 4089)

Detalles MARC
000 -CABECERA
Campo de control 00676nam a2200217 a 4500
005 - FECHA Y HORA DE LA ULTIMA TRANSACCION
Campo de control 20150619020002.0
008 - ELEMENTOS DE LONGITUD FIJA—INFORMACION GENERAL
Campo de control 140313b1998 ck ||||| |||| 00| 0 spa d
040 ## - FUENTE DE CATALOGACIÓN
Agencia catalogadora original CO-BoIAVH
Agencia transcriptora CO-BoIAVH
041 ## - IDIOMA
Código de idioma para texto/pista de sonido o título separado Español
044 ## - PAÍS DE PUBLICACIÓN
País de publicación Colombia
082 04 - NUMERO DE CLASIFICACION DECIMAL DEWEY
Número de clasificación 509.86146
Número del ítem V15m
090 ## - CLASIFICACIÓN LOCAL
Colección LB
Consecutivo 03789
100 1# - ASIENTO PRINCIPAL--NOMBRE PERSONAL
Nombre personal Velandia, Roberto
245 10 - MENCION DE TITULO
Título Una mirada en el tiempo al paisaje del Alto Sumapaz:
Parte restante del título compilación de crónicas de viajeros colombianos y extranjeros
260 ## - PUBLICACION, DISTRIBUCION, ETC. (PIE DE IMPRENTA)
Lugar de publicación, distribución, etc. Bogotá:
Nombre del editor, distribuidor, etc. CAR,
Fecha de publicación, distribución, etc. 1998.
300 ## - DESCRIPCION FISICA
Extensión 240 p.
650 #4 - ASIENTO SECUNDARIO DE MATERIA - TERMINO TEMATICO
Término temático o nombre geográfico como elemento de entrada Crónicas de viaje
Subdivisión geográfica Sumapaz (Colombia)
650 #4 - ASIENTO SECUNDARIO DE MATERIA - TERMINO TEMATICO
Término temático o nombre geográfico como elemento de entrada Historia
Subdivisión geográfica Sumapaz (Colombia)
942 ## - ELEMENTOS ADICIONALES (KOHA)
Tipo de ítem Libro
Sistema de clasificación Dewey Decimal Classification
Koha issues (borrowed), all copies 1
945 ## - PROCESAMIENTO LOCAL
AAAA-MM-DD - Fecha de ingreso o modificacion 2004-08-19
Existencias
Withdrawn status Lost status Sistema de Clasificación Damaged status No para préstamo Colección Inventariado Ubicación Permanente Ubicación actual Fecha de adquisición Valor Total Checkouts Número topográfico Inventario / Código de Barras Date last seen Ejemplar Price effective from Forma de adquisición Tipo de material Date checked out
    Dewey Decimal Classification     General Inventariado 2017 Bogotá Bogotá 13/02/2015 39000.00 2 LB-509.86146 V15m 038686 21/09/2018 Ej. 3 13/02/2015   Libro 19/09/2018
    Dewey Decimal Classification     General Inventariado 2017 Sala Fabio Quevedo Sala Fabio Quevedo 24/03/2009 39000.00   LB-509.86146 V15m 026785 04/12/2012 Ej. 2 04/12/2012   Libro